[Event "ChessOrg Schachfestival 2025"]
[Site "Bad Woerishofen Open A"]
[Date "2025.03.23"]
[Round "3"]
[Board "5"]
[White "Pavlovic, Milos"]
[Black "Ochedzan, Tymon"]
[Result "1/2-1/2"]
[WhiteElo "2402"]
[BlackElo "2229"]
[PlyCount "73"]
[EventDate "2025.03.21"]
[EventRounds "9"]
[EventCountry "GER"]

1. d4 Nf6 2. c4 e6 3. Nc3 Bb4 4. e3 c5 5. Bd3 Nc6 6. Nge2 cxd4 7. exd4 d5 8. cxd5
Nxd5 9. O-O O-O 10. Nxd5 exd5 11. Nf4 Re8 12. Qh5 g6 13. Qxd5 Nxd4 14. Be3 Nc6 15.
Qxd8 Rxd8 16. Be4 Bd7 17. Nd5 Be6 18. Nc7 Rac8 19. Nxe6 fxe6 20. Rfd1 Kf7 21. Bxc6
bxc6 22. Bxa7 Rd5 23. Rac1 Ra8 24. Be3 Rxa2 25. Rf1 Rxb2 26. Rxc6 Rd7 27. g3 h5 28.
Ra1 Bd2 29. Rd1 Rd5 30. Rxd2 Rbxd2 31. Bxd2 Rxd2 32. h4 Kf6 33. Kg2 Rd3 34. Rc8 e5
35. Rf8+ Ke6 36. Rg8 Kf7 37. Ra8  1/2-1/2

[Event "ChessOrg Schachfestival 2025"]
[Site "Bad Woerishofen Open A"]
[Date "2025.03.23"]
[Round "3"]
[Board "6"]
[White "Smith, Bryan"]
[Black "Ochedzan, Filip"]
[Result "1/2-1/2"]
[WhiteElo "2365"]
[BlackElo "2218"]
[PlyCount "73"]
[EventDate "2025.03.21"]
[EventRounds "9"]
[EventCountry "GER"]

1. Nf3 Nf6 2. g3 b5 3. Bg2 Bb7 4. Na3 a6 5. c4 b4 6. Nc2 c5 7. O-O d6 8. d4 Nbd7
9. d5 g6 10. b3 Bg7 11. Bb2 O-O 12. Nfe1 Qc7 13. Nd3 Rfe8 14. e4 e6 15. f3 a5 16.
a4 exd5 17. exd5 Re7 18. Qd2 Rae8 19. Rfe1 Bc8 20. g4 Rxe1+ 21. Rxe1 Qd8 22. Nf2
Rxe1+ 23. Nxe1 Qe7 24. Ned3 Ne8 25. Bxg7 Nxg7 26. Kf1 Nf6 27. Qf4 Nge8 28. h4 Nd7
29. Ne4 f6 30. Kf2 Ne5 31. Nxe5 fxe5 32. Qg5 Qxg5 33. hxg5 Kf7 34. Kg3 Ke7 35. Bf1
Bd7 36. Bd3 Kf7 37. Nf2  1/2-1/2

[Event "ChessOrg Schachfestival 2025"]
[Site "Bad Woerishofen Open A"]
[Date "2025.03.23"]
[Round "3"]
[Board "7"]
[White "Mantovani, Renzo"]
[Black "Besou, Hussain"]
[Result "1/2-1/2"]
[WhiteElo "2220"]
[BlackElo "2362"]
[PlyCount "119"]
[EventDate "2025.03.21"]
[EventRounds "9"]
[EventCountry "GER"]

1. d4 Nf6 2. Bf4 d5 3. e3 c5 4. c3 Nc6 5. Nd2 e6 6. Ngf3 Nh5 7. Bg5 f6 8. Bh4 g6
9. Be2 cxd4 10. cxd4 Be7 11. Rc1 O-O 12. a3 g5 13. Bg3 g4 14. Ng1 f5 15. Bb5 Nxg3
16. hxg3 Qb6 17. Qa4 Bd7 18. Ne2 a6 19. Bxc6 bxc6 20. Rb1 Qc7 21. Qc2 c5 22. dxc5
Qxc5 23. Qxc5 Bxc5 24. Nb3 Bd6 25. Kd2 Rab8 26. Na5 e5 27. b4 f4 28. gxf4 exf4 29.
Nxf4 Bxf4 30. exf4 Rxf4 31. f3 gxf3 32. gxf3 Rxf3 33. Rb3 Rf4 34. Rh6 d4 35. Rg3+
Kh8 36. Nc6 Re8 37. Rd6 Bg4 38. Rxd4 Rf2+ 39. Kc3 h5 40. Rd8 Rxd8 41. Nxd8 Rf4 42.
Nc6 Kh7 43. Ne5 Bc8 44. Rg5 h4 45. Nd3 Rf6 46. Rh5+ Rh6 47. Rxh6+ Kxh6 48. Nf2 Kg5
49. Kd2 Kf4 50. Ke2 Bd7 51. Kf1 Ke3 52. Kg2 Kd4 53. Kf3 Kc4 54. Kf4 Kb3 55. Nd3 Kxa3
56. Nc5 Kxb4 57. Nxa6+ Kb5 58. Nc7+ Kc6 59. Ne8 Bxe8 60. Kg4  1/2-1/2

[Event "ChessOrg Schachfestival 2025"]
[Site "Bad Woerishofen Open A"]
[Date "2025.03.23"]
[Round "3"]
[Board "8"]
[White "Garifullina, Leya"]
[Black "Johnsen, Gunnar"]
[Result "1-0"]
[WhiteElo "2446"]
[BlackElo "2118"]
[PlyCount "75"]
[EventDate "2025.03.21"]
[EventRounds "9"]
[EventCountry "GER"]

1. e4 e6 2. d4 d5 3. Nc3 Bb4 4. e5 Ne7 5. a3 Bxc3+ 6. bxc3 c5 7. h4 Qc7 8. h5 h6
9. Nf3 b6 10. Bb5+ Bd7 11. Bd3 c4 12. Be2 Ba4 13. Nh4 Kd7 14. Be3 Kc6 15. g4 a5 16.
f4 g6 17. Kd2 Na6 18. Rh3 gxh5 19. gxh5 Rag8 20. f5 Nxf5 21. Nxf5 exf5 22. Rf3 Kb7
23. Rxf5 Qd7 24. Qf1 Rh7 25. Rf6 Nc7 26. Qf3 Ka7 27. Rf1 Nb5 28. Rxf7 Rxf7 29. Qxf7
Qxf7 30. Rxf7+ Ka6 31. Bxh6 Nxa3 32. Bg7 Bxc2 33. e6 Ba4 34. h6 Nb1+ 35. Ke3 Re8
36. h7 Rxe6+ 37. Kf2 Nxc3 38. Bf3  1-0

[Event "ChessOrg Schachfestival 2025"]
[Site "Bad Woerishofen Open A"]
[Date "2025.03.23"]
[Round "3"]
[Board "9"]
[White "Arndt, Stefan"]
[Black "Abergel, Thal"]
[Result "0-1"]
[WhiteElo "2105"]
[BlackElo "2424"]
[PlyCount "114"]
[EventDate "2025.03.21"]
[EventRounds "9"]
[EventCountry "GER"]

1. d4 d5 2. Nf3 Nf6 3. c4 e6 4. e3 a6 5. b3 c5 6. Bb2 cxd4 7. exd4 Bb4+ 8. Nbd2 dxc4
9. bxc4 O-O 10. Bd3 b5 11. O-O Bb7 12. Qb3 Nc6 13. d5 exd5 14. cxb5 axb5 15. Bxb5
Ba5 16. Rac1 Rc8 17. Qa4 Ra8 18. Qb3 Bxd2 19. Nxd2 Qd6 20. a4 Rfd8 21. Qf3 Ne5 22.
Qg3 d4 23. Ba3 Qe6 24. Rfe1 Rd5 25. Bc4 Nh5 26. Bxd5 Qxd5 27. Rxe5 Nxg3 28. Rxd5
Ne2+ 29. Kf1 Nxc1 30. Rxd4 Ba6+ 31. Ke1 Nd3+ 32. Ke2 Re8+ 33. Kf3 g5 34. Kg4 h6 35.
f3 Nf4 36. Rxf4 Bc8+ 37. Kh5 gxf4 38. Ne4 Re6 39. Bb2 Rg6 40. g4 fxg3 41. hxg3 Bb7
42. Nf6+ Kf8 43. f4 Rxg3 44. Kxh6 Ke7 45. Nh7 Rg6+ 46. Kh5 Rg2 47. Ba3+ Ke6 48. Ng5+
Kf5 49. Kh6 Bd5 50. Bd6 f6 51. Nh7 Bb3 52. Nf8 Bxa4 53. Kh7 Be8 54. Kh8 Rg1 55. Kh7
Rd1 56. Be7 Rc1 57. Bd6 Rc6  0-1

[Event "ChessOrg Schachfestival 2025"]
[Site "Bad Woerishofen Open A"]
[Date "2025.03.23"]
[Round "3"]
[Board "10"]
[White "Barp, Alberto"]
[Black "Pitschka, Claus"]
[Result "1-0"]
[WhiteElo "2424"]
[BlackElo "2099"]
[PlyCount "49"]
[EventDate "2025.03.21"]
[EventRounds "9"]
[EventCountry "GER"]

1. d4 d5 2. c4 c6 3. Nf3 Nf6 4. Nc3 dxc4 5. e4 b5 6. a4 b4 7. Na2 Nxe4 8. Bxc4 e6
9. O-O a5 10. Re1 Nf6 11. Ne5 Be7 12. Bg5 O-O 13. Nc1 Nd5 14. Bxe7 Qxe7 15. Nb3 Nb6
16. Bd3 Ba6 17. Be4 Bc4 18. Nxc4 Nxc4 19. Qd3 Nd6 20. Bxh7+ Kh8 21. Qh3 Qg5 22. Re5
Qh6 23. Rh5 Kxh7 24. Rxh6+ gxh6 25. Rc1  1-0

[Event "ChessOrg Schachfestival 2025"]
[Site "Bad Woerishofen Open A"]
[Date "2025.03.24"]
[Round "4"]
[Board "1"]
[White "Wirig, Anthony"]
[Black "Wadsworth, Matthew J"]
[Result "1/2-1/2"]
[WhiteElo "2421"]
[BlackElo "2491"]
[PlyCount "97"]
[EventDate "2025.03.21"]
[EventRounds "9"]
[EventCountry "GER"]

1. Nf3 d5 2. g3 Bg4 3. Bg2 c6 4. O-O e6 5. d4 Nf6 6. h3 Bf5 7. c4 h6 8. Nc3 Be7 9.
Nd2 Nbd7 10. e4 dxe4 11. Ndxe4 Nxe4 12. Nxe4 Nf6 13. Nc3 Qb6 14. Na4 Qa6 15. Qb3
Rd8 16. Be3 O-O 17. Rfd1 b5 18. cxb5 Qxb5 19. Qxb5 cxb5 20. Nc5 Nd5 21. Bd2 Bf6 22.
Ba5 Nb6 23. Bc3 Rc8 24. g4 Bc2 25. Rd2 Bg6 26. Bf1 Bg5 27. Rdd1 Bc2 28. Re1 Na4 29.
Bxb5 Nxc5 30. dxc5 Rxc5 31. Be2 Rd8 32. Bd1 Bg6 33. Bf3 Rd3 34. Be4 Bxe4 35. Rxe4
Bf6 36. Bxf6 gxf6 37. Kg2 Rc2 38. Ra4 Rdd2 39. Rf1 Rxb2 40. Rxa7 Rxa2 41. Rxa2 Rxa2
42. Rb1 Ra5 43. Kg3 Kg7 44. f3 f5 45. Rb8 Ra3 46. Re8 Kf6 47. Rh8 Kg7 48. Re8 Ra5
49. Rb8  1/2-1/2

[Event "ChessOrg Schachfestival 2025"]
[Site "Bad Woerishofen Open A"]
[Date "2025.03.24"]
[Round "4"]
[Board "2"]
[White "Santiago, Yago De Moura"]
[Black "Arnold, Max"]
[Result "1-0"]
[WhiteElo "2466"]
[BlackElo "2346"]
[PlyCount "99"]
[EventDate "2025.03.21"]
[EventRounds "9"]
[EventCountry "GER"]

1. d4 Nf6 2. c4 g6 3. Nf3 Bg7 4. g3 d5 5. Bg2 dxc4 6. O-O O-O 7. Nc3 c6 8. e4 b5
9. Qe2 a5 10. Rd1 Nbd7 11. d5 cxd5 12. e5 b4 13. exf6 Nxf6 14. Nb5 Ba6 15. a4 bxa3
16. Nxa3 e6 17. Qe1 Nd7 18. Bf1 Qf6 19. Nd4 a4 20. Be3 Nc5 21. f4 Rfc8 22. Nb1 Rab8
23. Ra2 Bb5 24. Nc3 Be8 25. Nf3 Nb3 26. Qf2 Rb4 27. Bg2 Rcb8 28. h4 h5 29. Bh3 Qe7
30. g4 hxg4 31. Bxg4 Rd8 32. Ne2 Bf8 33. h5 f5 34. Bh3 Nc5 35. Ne5 Rb3 36. Nd4 Ne4
37. Qe1 g5 38. Nxb3 cxb3 39. Raa1 Qg7 40. Bd4 gxf4+ 41. Ng6 Bc5 42. Bxc5 Bxg6 43.
hxg6 Nxc5 44. Qf2 d4 45. Kh2 Qe5 46. Re1 Ne4 47. Qh4 f3+ 48. Kh1 Rd7 49. Rxe4 fxe4
50. Rc1  1-0

[Event "ChessOrg Schachfestival 2025"]
[Site "Bad Woerishofen Open A"]
[Date "2025.03.24"]
[Round "4"]
[Board "3"]
[White "Ouellet, Maili-Jade"]
[Black "Garifullina, Leya"]
[Result "0-1"]
[WhiteElo "2328"]
[BlackElo "2446"]
[PlyCount "98"]
[EventDate "2025.03.21"]
[EventRounds "9"]
[EventCountry "GER"]

1. d4 Nf6 2. c4 e6 3. Nc3 Bb4 4. Qc2 d5 5. a3 Bxc3+ 6. Qxc3 O-O 7. cxd5 Ne4 8. Qc2
exd5 9. Bf4 Bf5 10. Qxc7 Qxc7 11. Bxc7 Nc6 12. f3 Ng5 13. g4 Bg6 14. e3 Rfc8 15.
Bg3 Na5 16. h4 Nb3 17. Rd1 Ne6 18. Ne2 Bc2 19. Nc3 Rd8 20. f4 Rac8 21. f5 Nc7 22.
Bxc7 Rxc7 23. Bg2 Bxd1 24. Kxd1 Rcd7 25. Kc2 Na5 26. Kd3 Nc6 27. f6 gxf6 28. Rf1
Kg7 29. Ne2 Ne7 30. Ng3 Rd6 31. Bf3 Rb6 32. Nh5+ Kf8 33. Bd1 Rxb2 34. Nxf6 h6 35.
g5 hxg5 36. Nh7+ Kg7 37. Nxg5 Rf8 38. Rg1 Kh6 39. Rf1 f5 40. Rg1 Ra2 41. a4 Ra3+
42. Ke2 f4 43. exf4 Rxf4 44. Bc2 Nc6 45. Ne6 Nxd4+ 46. Nxd4 Rxd4 47. Rg6+ Kh5 48.
Rg7 Kxh4 49. Bd1 Kh3  0-1

[Event "ChessOrg Schachfestival 2025"]
[Site "Bad Woerishofen Open A"]
[Date "2025.03.24"]
[Round "4"]
[Board "4"]
[White "Dishman, Stephen"]
[Black "Stefansson, Hannes"]
[Result "1/2-1/2"]
[WhiteElo "2272"]
[BlackElo "2444"]
[PlyCount "60"]
[EventDate "2025.03.21"]
[EventRounds "9"]
[EventCountry "GER"]

1. Nf3 b6 2. g3 Bb7 3. Bg2 g6 4. O-O Bg7 5. d4 Nf6 6. c4 O-O 7. d5 Na6 8. Nc3 Nc5
9. Re1 Nfe4 10. Nxe4 Nxe4 11. Qc2 Nc5 12. e4 c6 13. Be3 e5 14. b4 Na6 15. Qd2 Nc7
16. a4 d6 17. Rad1 cxd5 18. exd5 Qd7 19. Qa2 Rfc8 20. Nd2 Kh8 21. Nb3 Na6 22. b5
Nb4 23. Qe2 Qc7 24. Rc1 f5 25. Bf1 e4 26. Red1 Re8 27. Qd2 Nd3 28. Rc2 a5 29. Nd4
Nc5 30. Ra2 Qf7  1/2-1/2

[Event "ChessOrg Schachfestival 2025"]
[Site "Bad Woerishofen Open A"]
[Date "2025.03.24"]
[Round "4"]
[Board "5"]
[White "Milov, Leonid"]
[Black "Akshat, Khamparia"]
[Result "1/2-1/2"]
[WhiteElo "2425"]
[BlackElo "2321"]
[PlyCount "108"]
[EventDate "2025.03.21"]
[EventRounds "9"]
[EventCountry "GER"]

1. c4 g6 2. g3 Bg7 3. Bg2 e5 4. Nc3 Ne7 5. d3 O-O 6. h4 c6 7. e4 b5 8. h5 b4 9.
Na4 d5 10. hxg6 hxg6 11. Be3 Na6 12. Qd2 dxc4 13. dxc4 Be6 14. Qxd8 Rfxd8 15. b3
Rd7 16. Nf3 f6 17. Rd1 Rad8 18. Ke2 Nc8 19. Rxd7 Rxd7 20. Ne1 Nd6 21. Nd3 Bg4+ 22.
Kd2 Bf8 23. Kc2 Nb7 24. Bxa7 c5 25. Nb6 Rh7 26. Rxh7 Kxh7 27. Nd5 Kg7 28. f3 Be6
29. Kb2 Bd6 30. Bb6 Kf7 31. a3 bxa3+ 32. Kxa3 g5 33. Nf2 Bd7 34. Bh3 Bxh3 35. Nxh3
g4 36. fxg4 Be7 37. Ka4 Nb8 38. g5 Nc6 39. gxf6 Bxf6 40. Kb5 Nd4+ 41. Ka6 Nd6 42.
Bxc5 Nxe4 43. Bxd4 exd4 44. Nhf4 Nc5+ 45. Kb5 Nxb3 46. c5 Be5 47. g4 Bxf4 48. Nxf4
Nxc5 49. Kxc5 Kf6 50. Nh3 d3 51. Kd4 d2 52. Nf2 Kg5 53. Ke3 d1=Q 54. Nxd1 Kxg4  1/2-1/2

[Event "ChessOrg Schachfestival 2025"]
[Site "Bad Woerishofen Open A"]
[Date "2025.03.24"]
[Round "4"]
[Board "6"]
[White "Abergel, Thal"]
[Black "Klaska, Philipp Leon"]
[Result "1/2-1/2"]
[WhiteElo "2424"]
[BlackElo "2231"]
[PlyCount "80"]
[EventDate "2025.03.21"]
[EventRounds "9"]
[EventCountry "GER"]

1. e4 e6 2. d4 d5 3. Nc3 Bb4 4. Nge2 dxe4 5. a3 Be7 6. Nxe4 Nf6 7. Qd3 O-O 8. Bf4
Nbd7 9. O-O-O Nxe4 10. Qxe4 Nf6 11. Qf3 c6 12. Nc3 Nd5 13. Be5 b5 14. Nxd5 Qxd5 15.
Qxd5 exd5 16. Bd3 Bd7 17. h4 h5 18. f3 f5 19. g3 Rae8 20. c3 Kf7 21. Kc2 Bf6 22.
Bf4 g6 23. b4 Ra8 24. Rhe1 a5 25. Bd6 Rfe8 26. Rxe8 Bxe8 27. bxa5 Rxa5 28. Re1 Bd7
29. f4 Ra8 30. Kb2 Re8 31. Be5 Be7 32. Bc2 Ra8 33. Ra1 Ra7 34. Bb3 Be8 35. Bb8 Rb7
36. Be5 Ra7 37. a4 bxa4 38. Bxa4 Ra6 39. Bb3 Rxa1 40. Kxa1 Ke6  1/2-1/2

[Event "ChessOrg Schachfestival 2025"]
[Site "Bad Woerishofen Open A"]
[Date "2025.03.24"]
[Round "4"]
[Board "7"]
[White "Ochedzan, Tymon"]
[Black "Barp, Alberto"]
[Result "1-0"]
[WhiteElo "2229"]
[BlackElo "2424"]
[PlyCount "105"]
[EventDate "2025.03.21"]
[EventRounds "9"]
[EventCountry "GER"]

1. e4 e5 2. Nf3 Nc6 3. Bb5 a6 4. Ba4 Nf6 5. O-O d6 6. c4 Bg4 7. h3 Bxf3 8. Qxf3 Nd7
9. Bxc6 bxc6 10. Nc3 Be7 11. Qg3 O-O 12. d3 Nc5 13. f4 exf4 14. Bxf4 Ne6 15. Be3
Bf6 16. Qf2 c5 17. Nd5 Be5 18. Rad1 a5 19. Nf4 Nd4 20. Ne2 Nc2 21. d4 Nxe3 22. Qxe3
cxd4 23. Nxd4 Qb8 24. b3 Qb6 25. Nf5 Qxe3+ 26. Nxe3 Rfe8 27. Kf2 Rab8 28. Kf3 Rb7
29. Nc2 g6 30. g4 Ra8 31. Rd5 a4 32. b4 a3 33. Rd3 c5 34. b5 Ra4 35. Ne3 Bd4 36.
Rc1 Kg7 37. Nd5 f6 38. Rb3 Kf7 39. Ke2 Ra8 40. Rf1 Ra4 41. Kd3 g5 42. Rf5 Bb2 43.
h4 h6 44. hxg5 hxg5 45. Rf1 Ra8 46. Rh1 Ke6 47. Rh6 Rf8 48. b6 Ke5 49. Rb5 Ke6 50.
Ra5 Rfb8 51. Ra7 Kd7 52. Rh7+ Kc6 53. Rc7+  1-0

[Event "ChessOrg Schachfestival 2025"]
[Site "Bad Woerishofen Open A"]
[Date "2025.03.24"]
[Round "4"]
[Board "8"]
[White "Ochedzan, Filip"]
[Black "Pavlovic, Milos"]
[Result "0-1"]
[WhiteElo "2218"]
[BlackElo "2402"]
[PlyCount "58"]
[EventDate "2025.03.21"]
[EventRounds "9"]
[EventCountry "GER"]

1. e4 c5 2. Nf3 Nc6 3. d4 cxd4 4. Nxd4 g6 5. c4 Bg7 6. Be3 Nf6 7. Nc3 Ng4 8. Qxg4
Nxd4 9. Qd1 Ne6 10. Rc1 O-O 11. Qd2 d6 12. Be2 Bd7 13. O-O a5 14. f4 Bc6 15. Bf3
a4 16. Kh1 Qa5 17. f5 Nc5 18. Bd4 Nd7 19. Bxg7 Kxg7 20. Qg5 Qe5 21. Nd5 Bxd5 22.
exd5 Nf6 23. Rce1 Qxb2 24. fxg6 hxg6 25. Rxe7 Rae8 26. Qe3 Rxe7 27. Qxe7 Re8 28.
Qxd6 Qf2 29. Be2 Rxe2  0-1

[Event "ChessOrg Schachfestival 2025"]
[Site "Bad Woerishofen Open A"]
[Date "2025.03.24"]
[Round "4"]
[Board "9"]
[White "Paragua, Megan Althea"]
[Black "Smith, Bryan"]
[Result "0-1"]
[WhiteElo "2166"]
[BlackElo "2365"]
[PlyCount "112"]
[EventDate "2025.03.21"]
[EventRounds "9"]
[EventCountry "GER"]

1. d4 Nf6 2. Nf3 g6 3. e3 Bg7 4. Be2 O-O 5. O-O d5 6. b3 c5 7. Bb2 cxd4 8. exd4 Nc6
9. Nbd2 Bf5 10. Nh4 Be6 11. Nhf3 Rc8 12. Bb5 Qb6 13. Bxc6 Qxc6 14. c3 Qc7 15. Re1
Rfe8 16. Ne5 Nd7 17. Ndf3 Bf5 18. Nxd7 Qxd7 19. Nh4 Bg4 20. f3 Be6 21. f4 Bf6 22.
Nf3 Bf5 23. Rc1 Qd6 24. Qd2 Bg7 25. Qe3 Bh6 26. g3 Qa6 27. a3 Qb6 28. b4 f6 29. Qf2
Qb5 30. a4 Qc4 31. a5 Bf8 32. Nd2 Qb5 33. Qe2 Qd7 34. Nb3 b6 35. axb6 axb6 36. Ra1
Ra8 37. Rxa8 Rxa8 38. Ra1 Rxa1+ 39. Bxa1 Qa4 40. Qb2 Bd3 41. Kf2 Ba6 42. Qb1 Qb5
43. Qd1 Kf7 44. Nc1 Qd7 45. Bb2 Qf5 46. h4 Qb1 47. Qd2 Bc4 48. Ba3 Qe4 49. Qd1 Qb1
50. Qd2 e6 51. Ne2 Qh1 52. Qe1 Qh2+ 53. Kf3 Bd6 54. Qf2 Qh1+ 55. Ke3 Qa1 56. h5 Qxa3
 0-1

[Event "ChessOrg Schachfestival 2025"]
[Site "Bad Woerishofen Open A"]
[Date "2025.03.24"]
[Round "4"]
[Board "10"]
[White "Besou, Hussain"]
[Black "Wacker, Peter"]
[Result "1/2-1/2"]
[WhiteElo "2362"]
[BlackElo "2178"]
[PlyCount "68"]
[EventDate "2025.03.21"]
[EventRounds "9"]
[EventCountry "GER"]

1. e4 e5 2. Nf3 Nc6 3. Bb5 Nf6 4. d3 Bc5 5. c3 d6 6. O-O Bb6 7. Nbd2 O-O 8. h3 Ne7
9. d4 c6 10. Bd3 Ng6 11. Re1 Re8 12. Nf1 h6 13. Ng3 Be6 14. Be3 Qd7 15. Qd2 Kh7 16.
c4 Qd8 17. d5 Bd7 18. b4 Bxe3 19. Qxe3 cxd5 20. cxd5 Qb6 21. Qxb6 axb6 22. Nd2 Rec8
23. Nc4 Bb5 24. Nxe5 Bxd3 25. Nxd3 Ra3 26. Rad1 Rxa2 27. Nf5 Rd8 28. f3 Ne8 29. h4
h5 30. e5 dxe5 31. Nxe5 Nxe5 32. Rxe5 g6 33. Nd4 Nd6 34. Re7 Kg8  1/2-1/2

[Event "ChessOrg Schachfestival 2025"]
[Site "Bad Woerishofen Open A"]
[Date "2025.03.24"]
[Round "4"]
[Board "11"]
[White "Grigoryan, Karen H."]
[Black "Mantovani, Renzo"]
[Result "1-0"]
[WhiteElo "2549"]
[BlackElo "2220"]
[PlyCount "43"]
[EventDate "2025.03.21"]
[EventRounds "9"]
[EventCountry "GER"]

1. e4 e6 2. d4 d5 3. Nc3 dxe4 4. Nxe4 Nd7 5. g3 Be7 6. Bg2 Ngf6 7. Nxf6+ Bxf6 8.
Ne2 O-O 9. O-O c5 10. c3 Qc7 11. Be3 Rd8 12. Qa4 Be7 13. Rfd1 b5 14. Qxb5 Rb8 15.
Qc6 Qxc6 16. Bxc6 Rxb2 17. Nf4 Rb6 18. Bg2 cxd4 19. Bxd4 Ra6 20. a4 Kf8 21. Nd3 Bf6
22. Nb4  1-0

[Event "ChessOrg Schachfestival 2025"]
[Site "Bad Woerishofen Open A"]
[Date "2025.03.25"]
[Round "5"]
[Board "1"]
[White "Wadsworth, Matthew J"]
[Black "Santiago, Yago De Moura"]
[Result "1/2-1/2"]
[WhiteElo "2491"]
[BlackElo "2466"]
[PlyCount "91"]
[EventDate "2025.03.21"]
[EventRounds "9"]
[EventCountry "GER"]

1. c4 e6 2. g3 d5 3. Bg2 d4 4. Nf3 Nc6 5. d3 Bb4+ 6. Nbd2 a5 7. O-O Nf6 8. a3 Be7
9. Nb3 O-O 10. e3 e5 11. exd4 exd4 12. Re1 Bg4 13. h3 Bh5 14. g4 Bg6 15. Nh4 Nd7
16. Nxg6 fxg6 17. Nd2 Bg5 18. Ne4 Bxc1 19. Rxc1 Nde5 20. Qd2 Nf3+ 21. Bxf3 Rxf3 22.
Ng5 Rf6 23. Re4 h6 24. Ne6 Qd6 25. Rce1 g5 26. c5 Qd7 27. b4 axb4 28. axb4 Rf7 29.
b5 Ne7 30. Qb2 Nd5 31. Qxd4 c6 32. Qe5 Rf3 33. bxc6 bxc6 34. Qd6 Rf7 35. Nd4 Nb4
36. Re7 Qxd6 37. cxd6 Nxd3 38. Rxf7 Kxf7 39. Re3 Nc5 40. Nxc6 Ra1+ 41. Kh2 Rd1 42.
Rc3 Ne4 43. Rf3+ Kg8 44. Ne7+ Kh7 45. Nc8 Nxd6 46. Nxd6  1/2-1/2

[Event "ChessOrg Schachfestival 2025"]
[Site "Bad Woerishofen Open A"]
[Date "2025.03.25"]
[Round "5"]
[Board "2"]
[White "Garifullina, Leya"]
[Black "Ochedzan, Tymon"]
[Result "1-0"]
[WhiteElo "2446"]
[BlackElo "2229"]
[PlyCount "111"]
[EventDate "2025.03.21"]
[EventRounds "9"]
[EventCountry "GER"]

1. e4 e6 2. d4 d5 3. Nc3 Nf6 4. e5 Nfd7 5. f4 c5 6. Nf3 Nc6 7. Be3 Be7 8. Qd2 a6
9. dxc5 Nxc5 10. Be2 O-O 11. O-O b5 12. a3 Qc7 13. Nd4 Ne4 14. Nxe4 dxe4 15. Qc3
Bd7 16. Rfd1 Rfc8 17. Nb3 b4 18. Qc4 bxa3 19. bxa3 Na7 20. Qxc7 Rxc7 21. c4 Ba4 22.
Rdb1 Bxb3 23. Rxb3 Nc6 24. Rab1 f6 25. exf6 gxf6 26. c5 e5 27. Bc4+ Kg7 28. Rb7 Ra7
29. Rxa7 Rxa7 30. fxe5 Nxe5 31. c6 Rc7 32. Bd5 Bd6 33. Rb7 f5 34. Bb6 Rxb7 35. cxb7
Bb8 36. g3 Kf6 37. Kg2 Nd7 38. Be3 a5 39. Bc6 Ke7 40. Bd2 Ne5 41. Bb5 Kd6 42. Bxa5
Kc5 43. Be8 Nc4 44. Bd8 Kd4 45. Bg5 Na5 46. Bd7 Nxb7 47. Bxf5 Bd6 48. a4 Bb4 49.
Bxh7 Nc5 50. Be7 e3 51. Bxc5+ Bxc5 52. Kf3 Kc3 53. Ke2 Bb6 54. Bd3 Kd4 55. Bb5 Ke4
56. Bc6+  1-0

[Event "ChessOrg Schachfestival 2025"]
[Site "Bad Woerishofen Open A"]
[Date "2025.03.25"]
[Round "5"]
[Board "3"]
[White "Pavlovic, Milos"]
[Black "Wirig, Anthony"]
[Result "1/2-1/2"]
[WhiteElo "2402"]
[BlackElo "2421"]
[PlyCount "57"]
[EventDate "2025.03.21"]
[EventRounds "9"]
[EventCountry "GER"]

1. d4 Nf6 2. c4 e6 3. Nf3 d5 4. Nc3 Be7 5. Bf4 O-O 6. e3 Nbd7 7. a3 c5 8. cxd5 Nxd5
9. Nxd5 exd5 10. dxc5 Nxc5 11. Be5 Bf6 12. Be2 Bf5 13. Bxf6 Qxf6 14. Nd4 Ne6 15.
Nxf5 Qxf5 16. O-O Qe5 17. Bf3 Rfd8 18. Qb3 Rd7 19. Rad1 Rad8 20. Rfe1 g6 21. g3 b6
22. h4 h5 23. Bg2 Rd6 24. Qb5 Qf6 25. Rd2 d4 26. e4 Qe7 27. e5 R6d7 28. Red1 Qc5
29. Qe2  1/2-1/2

[Event "ChessOrg Schachfestival 2025"]
[Site "Bad Woerishofen Open A"]
[Date "2025.03.25"]
[Round "5"]
[Board "4"]
[White "Smith, Bryan"]
[Black "Milov, Leonid"]
[Result "1-0"]
[WhiteElo "2365"]
[BlackElo "2425"]
[PlyCount "125"]
[EventDate "2025.03.21"]
[EventRounds "9"]
[EventCountry "GER"]

1. e4 c5 2. Nf3 e6 3. d4 cxd4 4. Nxd4 a6 5. c4 Nf6 6. Nc3 Qc7 7. Be2 b6 8. O-O Bb7
9. Qd3 Bb4 10. Nc2 Be7 11. f4 d6 12. b4 Nbd7 13. Bb2 h5 14. Rac1 h4 15. Ne3 Rc8 16.
Ncd5 exd5 17. cxd5 Qb8 18. Rxc8+ Bxc8 19. Nf5 Nc5 20. Nxg7+ Kf8 21. bxc5 bxc5 22.
Qb1 Qc7 23. Nh5 Rxh5 24. Bxf6 Rh6 25. Bxe7+ Kxe7 26. Qb2 f6 27. Bc4 Rg6 28. Qc3 Qb8
29. e5 Qb4 30. Qd3 Rg7 31. Rb1 Qa5 32. Qe3 Bf5 33. Rb2 Kf8 34. Rb8+ Ke7 35. Bf1 Qa4
36. Rb7+ Kf8 37. Rb8+ Ke7 38. Rb7+ Kf8 39. Rxg7 Kxg7 40. exd6 Kg6 41. Qxc5 Qxa2 42.
Qc4 Qa3 43. d7 Qe3+ 44. Kh1 Qe7 45. d6 Qxd7 46. Qg8+ Kh6 47. Qh8+ Kg6 48. Be2 Be4
49. Bh5+ Kf5 50. Qg8 Kxf4 51. Qg4+ Qxg4 52. Bxg4 Bc6 53. d7 Bxd7 54. Bxd7 a5 55.
Kg1 Ke3 56. Kf1 f5 57. Bxf5 a4 58. h3 a3 59. Be6 Ke4 60. Kf2 Kf4 61. Bb3 Ke4 62.
Ba2 Kf4 63. Bb1  1-0

[Event "ChessOrg Schachfestival 2025"]
[Site "Bad Woerishofen Open A"]
[Date "2025.03.25"]
[Round "5"]
[Board "5"]
[White "Dishman, Stephen"]
[Black "Grigoryan, Karen H."]
[Result "1/2-1/2"]
[WhiteElo "2272"]
[BlackElo "2549"]
[PlyCount "141"]
[EventDate "2025.03.21"]
[EventRounds "9"]
[EventCountry "GER"]

1. Nf3 g6 2. e4 Bg7 3. d4 d6 4. Be3 Nf6 5. Nc3 O-O 6. Qd2 c6 7. Bh6 Qa5 8. Bd3 Bg4
9. e5 Nfd7 10. Bxg7 Kxg7 11. exd6 exd6 12. Qg5 Qxg5 13. Nxg5 h6 14. h3 Be6 15. Nge4
d5 16. Ng3 c5 17. dxc5 Nxc5 18. Nb5 Nc6 19. Ne2 Nb4 20. Kd2 Ne4+ 21. Ke1 Rac8 22.
Nbd4 Rfe8 23. Rg1 Bf5 24. Nxf5+ gxf5 25. Nd4 Kf6 26. a3 Nc6 27. Nxc6 bxc6 28. f3
Ng3+ 29. Kf2 f4 30. Rge1 Re6 31. c4 dxc4 32. Bxc4 Rd6 33. Red1 Rcd8 34. Rxd6+ Rxd6
35. Ke1 Nf5 36. Rc1 Ne3 37. Ke2 c5 38. g4 Rd7 39. h4 Rb7 40. b3 Ke5 41. Kd3 f6 42.
Kc3 a5 43. Bd3 Rd7 44. Bg6 Rd4 45. Bf7 a4 46. bxa4 Rxa4 47. Ra1 c4 48. h5 Kd6 49.
Bg6 Nd5+ 50. Kd4 c3+ 51. Kd3 Kc5 52. Kc2 Kd4 53. Rd1+ Ke5 54. Re1+ Ne3+ 55. Kxc3
Rxa3+ 56. Kd2 Kd4 57. Bf7 Rc3 58. Ra1 Rc2+ 59. Ke1 f5 60. gxf5 Ke5 61. Ra5+ Kf6 62.
Bg6 Rc6 63. Ra7 Kg5 64. Rg7 Kh4 65. Bf7 Rf6 66. Be6 Kxh5 67. Rg1 Rf8 68. Rh1+ Kg5
69. Rg1+ Kf6 70. Rg6+ Ke5 71. Rxh6  1/2-1/2

[Event "ChessOrg Schachfestival 2025"]
[Site "Bad Woerishofen Open A"]
[Date "2025.03.25"]
[Round "5"]
[Board "6"]
[White "Stefansson, Hannes"]
[Black "Moeller, Dustin"]
[Result "1-0"]
[WhiteElo "2444"]
[BlackElo "2181"]
[PlyCount "99"]
[EventDate "2025.03.21"]
[EventRounds "9"]
[EventCountry "GER"]

1. e4 c5 2. Nf3 Nc6 3. Bb5 g6 4. Bxc6 dxc6 5. d3 Bg7 6. h3 b6 7. Nc3 e5 8. Be3 Ne7
9. a3 Qd6 10. Qd2 h6 11. b4 f5 12. bxc5 Qd8 13. cxb6 axb6 14. Qc1 f4 15. Bd2 O-O
16. Qb2 g5 17. Qb3+ Kh7 18. Na4 c5 19. Rb1 Bd7 20. Nxb6 Rb8 21. Nxd7 Qxd7 22. Qxb8
Rxb8 23. Rxb8 Nc6 24. Rb6 c4 25. O-O cxd3 26. cxd3 Nd4 27. Nxd4 Qxd4 28. Rb3 h5 29.
Rd1 g4 30. hxg4 hxg4 31. Kf1 Qd8 32. Ke2 Qh4 33. Rg1 Qh2 34. Rbb1 Kg6 35. Bb4 Bf6
36. Bc5 Bg5 37. Rbd1 f3+ 38. Kf1 fxg2+ 39. Rxg2 Qh1+ 40. Rg1 Qf3 41. Ke1 Bf4 42.
a4 g3 43. a5 Kh5 44. a6 gxf2+ 45. Bxf2 Be3 46. Rf1 Kg4 47. Bg1 Qg3+ 48. Ke2 Bf4 49.
a7 Qg2+ 50. Rf2  1-0